Selecting digital computer signal systems (Record no. 543305)
[ view plain ]
| 000 -LEADER | |
|---|---|
| fixed length control field | 00309nam a22001097a 4500 |
| 082 ## - DEWEY DECIMAL CLASSIFICATION NUMBER | |
| Classification number | 388.3122 |
| Author Mark | SEL |
| -- | D |
| 245 ## - TITLE STATEMENT | |
| Title | Selecting digital computer signal systems |
| 260 ## - PUBLICATION, DISTRIBUTION, ETC. | |
| Place of publication, distribution, etc. | Washington |
| Name of publisher, distributor, etc. | The World Bank |
| 300 ## - PHYSICAL DESCRIPTION | |
| Extent | viii, 76 p, : |
| Other physical details | ill, : |
| Dimensions | 16 Cm |
| 526 ## - STUDY PROGRAM INFORMATION NOTE | |
| Program name | 0 |
| Interest level | 0 |
| Reading level | 0 |
| Title point value | 388_312200000000000_SEL |
| 942 ## - ADDED ENTRY ELEMENTS (KOHA) | |
| Source of classification or shelving scheme | |
| Koha item type | Book |
| Withdrawn status | Lost status | Source of classification or shelving scheme | Damaged status | Not for loan | Permanent Location | Current Location | Date acquired | Total Checkouts | Full call number | Barcode | Date last seen | Price effective from | Koha item type |
|---|---|---|---|---|---|---|---|---|---|---|---|---|---|
| Military College of Engineering (MCE) | Military College of Engineering (MCE) | 03/20/2014 | 388.3122 SEL | MCE-43015 | 03/20/2014 | 03/20/2014 | Book |
